000 00760nam a2200241Ia 4500
999 _c7417
_d7417
001 34276
003 GBCCL
005 20241126110627.0
008 860509s1959 tnuade 000 0 eng d
035 _a(OCoLC)13552189
040 _aNCA
_cNCA
049 _aLBBK
082 _a268.6
_bDIL
092 _a268.512
_bD578
100 1 _aDillard, Polly Hargis,
_d1916-
_913116
245 1 0 _aImproving nursery departments /
_cPolly Hargis Dillard.
260 _aNashville :
_bConvention Press,
_c1959.
300 _a[xiv], 143 p. :
_bill., charts, floor plans ;
_c25 cm.
440 0 _aChurch study course for teaching and training
_913117
650 0 _aReligious education of preschool children.
_913118
650 0 _aEducation, Preschool.
_913119
942 _2ddc
_cBK
_01